Anthropologia theologica : de homine in Christo : manuductio in studium tractatus de Gratia Christi /

Guardat en:
Dades bibliogràfiques
Autor principal: Flick, Mauricio (autor)
Altres autors: Alszeghy, Zoltan (autor) (autor)
Format: Llibre
Idioma:llatí
Publicat: Roma, Italia : Pontificia Università Gregoriana, Facultas Theologica, 1968
Etiquetes: Afegir etiqueta
Sense etiquetes, Sigues el primer a etiquetar aquest registre!

MARC

LEADER 00000nam^a2200000^a^4500
001 000457021
005 20250521000000.0
009 20260310124032.819
037 |a Acervo Xavier Clavigero 
041 |a LAT 
091 |a FCA. 05904 
100 |a Flick, Mauricio  |e (autor) 
245 1 0 |a Anthropologia theologica :  |b de homine in Christo : manuductio in studium tractatus de Gratia Christi / 
264 1 |a Roma, Italia :  |b Pontificia Università Gregoriana, Facultas Theologica,  |c 1968 
300 |a p. IV, 169-483 
336 |a texto  |b txt  |2 rdacontenido 
337 |a sin mediación  |b n  |2 rdamedio 
338 |a volumen  |b nc  |2 rdasoporte 
649 |a XX 
700 |a Alszeghy, Zoltan  |e (autor) 
910 |a Fondo Xavier Cacho Vázquez S.J. 
920 |a Impresos - Libros 
930 |a Fondos Especiales 
905 |a 131 
901 |a 0500373252  |b IT2  |c ESP  |i D  |u 20250521 
902 |a https://opac.biblio.iteso.mx/vufind/Record/000457021